000 00369nam a2200145 i 4500
001 bg
100 1 _aCZARNECKI, Ryszard
245 0 _aPrzyrządy do obróbki plastycznej :
_btłoczniki /
_cRyszard Czarnecki.
260 _aCzęstochowa,
_c1987.
040 _cBPK
041 _apol
080 _a621.97(075.8)
942 _cKS
008 s pl f |000 0 pol
999 _c3538
_d3538
856 _uhttp://koha.tu.koszalin.pl/cgi-bin/koha/opac-detail.pl?biblionumber=3538
_yKatalog online BPK